00575 2200217 4500001002100000005001500021035002000036245006500056100001200121250000600133300003500139700001300174260003900187082001200226084001800238020001800256650003200274990001700306990001700323990001700340INLIS00000000000023520180920031114 a0010-09180000891 aGeografi Historis Indonesia /cGiyarto; Ilustrator, M. Yusuf0 aGiyarto a- aiv, 60 hlm. :bilus. ;c21 cm.0 aM. Yusuf aKlaten :bPT Intan Pariwara,c2008 a911.598 a911.598 GIY g a979-28-0109-5 aGeografi Historis Indonesia a00984/P/2018 a00985/P/2018 a00986/P/2018